| 000 | 01543nam0a2200361 i 4500 | ||
|---|---|---|---|
| 001 | RU\NLR\bibl\2056697 | ||
| 005 | 20260406120752.0 | ||
| 010 |
_a9785389048256 _92500 |
||
| 021 |
_aRU _b2013-50111 _93470 |
||
| 035 | _a(nilc)RuMoRGB-006603887 | ||
| 035 | _a(NLR Aleph) 002043565 | ||
| 090 |
_a4607685 _c4607685 |
||
| 100 | _a20130702d2013 u y0rusy50 ca | ||
| 101 | 1 |
_arus _ceng |
|
| 102 | _aRU | ||
| 105 | _aa ||||||||| | ||
| 200 | 1 |
_aВолшебник _eНабоков и счастье _fЛила Азам Зангане _g[пер. с англ. Андрея Степанова] |
|
| 210 |
_aМосква [и др.] _cКоЛибри [и др.] _d2013 _eТула _gТульская типография (ОАО) |
||
| 215 |
_a253 с. _cил. _d21 |
||
| 225 | 1 |
_aПерсона _eбиография, автобиография, мемуары |
|
| 320 | _aБиблиогр.: с. 217-253 | ||
| 600 | 1 |
_aНабоков _bВ. В. _f1899 - 1977 _gВладимир Владимирович _91074982 _3RU\NLR\auth\66100657 |
|
| 686 | _aШ5(7США)6-4Набоков4,0 | ||
| 700 | 1 |
_aЗангане _bЛ. А. _gЛила Азам _4070 |
|
| 702 | 1 |
_4570 _7ca _8rus _aНабоков _bВ. В. _f1899-1977 _gВладимир Владимирович _9110457 _3RU\NLR\auth\77403 |
|
| 801 | 0 |
_aRU _bRuMoRKP _c20130702 _gRCR |
|
| 801 | 2 |
_aRU _bРГБ _c20130711 |
|
| 801 | 1 |
_aRU _bRuMoRKP _c20130702 _2rusmarc |
|
| 801 | 2 |
_aRU _bNLR _c20130724 _grcr |
|
| 942 | _cBOOK | ||
| 980 | _aNBR | ||